Schaum’s outline of theory and problems of beginning statistics / (Record no. 8386)

MARC details
000 -LEADER
fixed length control field 01538cac a22003735i 4500
003 - CONTROL NUMBER IDENTIFIER
control field EG-ScBUE
005 - DATE AND TIME OF LATEST TRANSACTION
control field 20250227094953.0
008 - FIXED-LENGTH DATA ELEMENTS--GENERAL INFORMATION
fixed length control field 150813t2006 nyua f 001 0 eng d
020 ## - INTERNATIONAL STANDARD BOOK NUMBER
International Standard Book Number 0071459324 (pbk.)
020 ## - INTERNATIONAL STANDARD BOOK NUMBER
International Standard Book Number 9780071459327
040 ## - CATALOGING SOURCE
Original cataloging agency EG-ScBUE
Language of cataloging eng
Description conventions rda
Transcribing agency EG-ScBUE
Modifying agency EG-ScBUE
082 04 - DEWEY DECIMAL CLASSIFICATION NUMBER
Classification number 519.5076
Item number STE
Edition number 22
100 1# - MAIN ENTRY--PERSONAL NAME
Personal name Stephens, Larry J.,
Relator term author.
245 10 - TITLE STATEMENT
Title Schaum’s outline of theory and problems of beginning statistics /
Statement of responsibility, etc Larry J. Stephens, Ph.D., Professor of Mathematics, University of Nebraska at Omaha.
246 30 - VARYING FORM OF TITLE
Title proper/short title Theory and problems of beginning statistics
246 30 - VARYING FORM OF TITLE
Title proper/short title Beginning statistics
250 ## - EDITION STATEMENT
Edition statement Second edition.
264 #1 - PUBLICATION, DISTRIBUTION, ETC. (IMPRINT)
Place of publication, distribution, etc New York :
Name of publisher, distributor, etc McGraw-Hill,
Date of publication, distribution, etc [2006]
264 #4 - PUBLICATION, DISTRIBUTION, ETC. (IMPRINT)
Date of publication, distribution, etc c2006
300 ## - PHYSICAL DESCRIPTION
Extent xiii, 413 pages :
Other physical details illustrations ;
Dimensions 28 cm.
336 ## - CONTENT TYPE
Source rdacontent
Content type term text
Content type code txt
337 ## - MEDIA TYPE
Media type term unmediated
Source rdamedia
Media type code n
338 ## - CARRIER TYPE
Carrier type term volume
Carrier type code nc
Source rdacarrier
490 0# - SERIES STATEMENT
Series statement Schaum's outline series
500 ## - GENERAL NOTE
General note Includes index.<br/>
500 ## - GENERAL NOTE
General note Includes appendix.<br/>
590 ## - LOCAL NOTE (RLIN)
Local note Doha Ragab
650 #7 - SUBJECT ADDED ENTRY--TOPICAL TERM
Topical term or geographic name as entry element Mathematical statistics
Form subdivision Outlines, syllabi, etc.
Source of heading or term BUEsh
9 (RLIN) 41269
650 #7 - SUBJECT ADDED ENTRY--TOPICAL TERM
Topical term or geographic name as entry element Mathematical statistics
Form subdivision Problems, exercises, etc.
Source of heading or term BUEsh
9 (RLIN) 41268
856 41 - ELECTRONIC LOCATION AND ACCESS
Materials specified Table of contents only
Uniform Resource Identifier <a href="http://www.loc.gov/catdir/toc/fy0705/2006275946.html">http://www.loc.gov/catdir/toc/fy0705/2006275946.html</a>
856 41 - ELECTRONIC LOCATION AND ACCESS
Materials specified Contributor biographical information
Uniform Resource Identifier <a href="http://www.loc.gov/catdir/enhancements/fy0668/2006275946-b.html">http://www.loc.gov/catdir/enhancements/fy0668/2006275946-b.html</a>
856 41 - ELECTRONIC LOCATION AND ACCESS
Materials specified Publisher description
Uniform Resource Identifier <a href="http://www.loc.gov/catdir/enhancements/fy0668/2006275946-d.html">http://www.loc.gov/catdir/enhancements/fy0668/2006275946-d.html</a>
942 ## - ADDED ENTRY ELEMENTS (KOHA)
Koha item type Book - Borrowing
Source of classification or shelving scheme Dewey Decimal Classification
Holdings
Withdrawn status Lost status Source of classification or shelving scheme Damaged status Not for loan Collection code Home library Current library Shelving location Date acquired Source of acquisition Total Checkouts Total Renewals Full call number Barcode Date last seen Date checked out Koha item type
    Dewey Decimal Classification     Baccah Central Library Central Library First floor 05/03/2008 Purchase 2 4 519.5076 STE 000010164 15/07/2025 01/10/2018 Book - Borrowing